000 00575nam a2200205 a 4500
005 20140311163025.0
008 080228s19uu xx 00 eng d
020 _a9781841122441
050 _aHF 5415.13
_b.Z94 2002
100 _aZuckerman, Amy
245 _aSupply chain management /
_cAmy Zuckerman.
260 _aUnited Kingdom :
_bCapstone Publishing,
_c2002.
300 _a118 p. :
_c18 cm.
521 _aBSBA
650 _aBusiness logistics.
650 _aMaterial management.
650 _aIndustrial procurement.
942 _cBK
_2lcc
_kFOR
999 _c39538
_d39538